02003 a2200205 45000010006000000050017000060080041000230030015000640400040000790800065001192450133001840200022003172640075003393000019004145051117004330410008015501000120015587000020016788560099016984920520260407155755.0260407a2019 arg spa dAR-UNSa-BCEJYS aAR-UNSa-BCEJYSbspacAR-UNSa-BCEJYS a347.965xAbogados. La abogacía (prácticas profesionales)10aPrácticas profesionales sobre casos reales 2016-2017pAnuario del Patrocinio jurídico gratuito de la Facultad de Derecho UBA a978-950-23-2912-3 1aBuenos Aires :bUniversidad de Buenos Aires. Facultad de Derechoc2019 a423 p.c23 cm. a1. Presentación / Oscar Zoppi - 2. Ámbito de funcionamiento del patrocinio jurídico de la Facultad de Derecho / Virginia Badino - 3. Acciones de amparo y cuestiones de derecho público / Tiberio Pardiñas - 4. Casos de defensa del consumidor y el derecho a la salud / Javier del Sacramento - 5. Casos de desalojo y problemas de vivienda / César Zerbini - 6. Medidas excepcionales de protección de derechos de niñas, niños y adolescentes. Control de legalidad previsto en el artículo 39 de la ley 26061 / Gimol Pinto - 7. Casos de familia / Juan Antonio Seda - 8. El instituto de la guarda / Oscar Zorzoli - 9. Casos de filiación / Graciela A. Maiorano - 10. El proceso de divorcio y su abordaje desde la práctica profesional / Andrea Mercedes Pérez - 11. Algunas reflexiones sobre la actualidad de la práctica profesional / Andrea Mercedes Pérez - 12. Casos de violencia en sus diferentes manifestaciones / Eleonora Vallet - 13. Casos penales / Oscar de Vicente - 14. Casos de mediación / María Cristina Klein - 15. Casos del Servicio Social y de Psicología / Mariana Riudavets. aspa1 aUniversidad de Buenos Aires. Facultad de Derecho. Secretaría de Extensión Universitaria y Bienestar Estudiantil1 aZoppi, Oscar M.41uhttps://www.biblioeco.unsa.edu.ar/pmb/images/libros/L127909.jpgyImagen de portadaqimage/jpeg